000 00590cam a2200205 a 4500
020 _a9780821369371
020 _a0821369377
020 _a0821369385 (electronic)
020 _a9780821369388 (electronic)
040 _cDLC
082 0 0 _a355 WOR 2007 A075 Or.
245 0 0 _aLocal public financial management /
260 _aWashington, D.C. :
_bWorld Bank,
_cc2007.
300 _axxii, 263 p. :
_bill. ;
_c23 cm.
650 0 _aLocal finance.
650 0 _aFinance, Public.
700 1 _aShah, Anwar.
856 4 1 _uhttp://www.loc.gov/catdir/toc/ecip076/2006101269.html
942 _cEK
999 _c15297
_d15297